Twenty One Pilots -Trench - Statistics

General Stats
  • This quiz has been taken 972 times
  • The average score is 12 of 14
Answer Stats
Song % Correct
Jumpsuit
99%
Levitate
94%
Chlorine
93%
Nico and the Niners
93%
Pet Cheetah
91%
Leave the City
90%
My Blood
88%
Morph
87%
Neon Gravestones
86%
Bandito
84%
Legend
82%
Smithereens
82%
Cut my Lip
81%
The Hype
79%
No matching quizzes found
Score Distribution
Percent of People with Each Score
Percentile by Number Answered
Your Score History
You have not taken this quiz